Logo BPK

Biblioteka

Politechniki Koszalińskiej

Analiza geometrii tras komunikacyjnych w aspekcie zastosowań techniki komputerowej : (Rekord nr 19043)

Szczegóły MARC
000 -ETYKIETA REKORDU
podpole kontrolne o stałej długości 00710nam a2200193 i 4500
001 - NUMER KONTROLNY REKORDU
pole kontrolne bg
040 ## - ŹRÓDŁO KATALOGOWANIA
Instytucja, która utworzyła rekord BPK
041 ## - KOD JĘZYKA
Kod języka tekstu pol
080 ## - UNIWERSALNA KLASYFIKACJA DZIESIĘTNA - UKD
UKD 625:681.322:519.68
008 - POLE O STAŁEJ DŁUGOŚCI - DANE KONTROLNE
podpole kontrolne o stałej długości s pl f |000 0 pol
100 1# - NAZWA OSOBOWA
Nazwa osobowa GRODZICKI, Stanisław
245 #0 - TYTUŁ/ODPOWIEDZIALNOŚĆ
Tytuł Analiza geometrii tras komunikacyjnych w aspekcie zastosowań techniki komputerowej :
Ciąg dalszy tytułu skrót rozprawy doktorskiej /
Pozostałe elementy strefy tytułu i oznaczenia odpowiedzialności Stanisław Grodzicki.
260 ## - STREFA ADRESU WYDAWNICZEGO
Miejsce wydania Warszawa :
Nazwa wydawcy/dystrybutora Instytut Maszyn Matematycznych,
Data publikacji, dystrybucji/powstania dokumentu 1979.
300 ## - STREFA OPISU FIZYCZNEGO
Objętość s. 83, nlb. 1 :
Inne cechy fizyczne rys., tab.
490 1# - STREFA SERII I DOKUMENTU WIELOCZĘŚCIOWEGO - FORMA NIE DO WYSZUKIWANIA
Tytuł i oznaczenie odpowiedzialności serii Prace Naukowo-Badawcze Instytutu Maszyn Matematycznych
504 ## - UWAGA DOTYCZĄCA BIBLIOGRAFII
Informacje o bibliografii [Zawiera bibliogr. s. 77-82].
830 ## - HASŁO DODATKOWE SERII LUB DOKUMENTU WIELOCZĘŚCIOWEGO - TYTUŁ UJEDNOLICONY
Tytuł ujednolicony Prace Naukowo-Badawcze Instytutu Maszyn Matematycznych
856 ## - LOKALIZACJA I DOSTĘP DO ELEKTRONICZNYCH DOKUMENTÓW ZDALNYCH
Link (URL) http://koha.tu.koszalin.pl/cgi-bin/koha/opac-detail.pl?biblionumber=19043
Tekst linku Katalog online BPK
942 ## - DODATKOWE ELEMENTY (KOHA)
Typ dokumentu Książka
Egzemplarze
Wycofany Status egzemplarza Uszkodzony Dostępność Lokalizacja stała Lokalizacja bieżąca Miejsce przechowywania Sygnatura Kod kreskowy Typ dokumentu
      Dostępny Biblioteka Politechniki Koszalińskiej Biblioteka Politechniki Koszalińskiej Wypożyczalnia BG 26751 01651928 Książka
© 2023 Biblioteka Politechniki Koszalińskiej :: KOHA